Bilecik Bilecik Bilecik Bilecik Bilecik

Kontroldan çıkmış dünya : (Record no. 5793)

MARC details
000 -BAŞLIK
Sabit Uzunluktaki Kontrol Alanı 01652nam a22004097a 4500
001 - KONTROL NUMARASI
Control Dosyası 0005812
003 - KONTROL NUMARASI KİMLİĞİ
Kontrol Alanı KOHA_MİRAKIL
005 - EN SON İŞLEM TARİHİ ve ZAMANI
Kontrol Alanı 20260207001459.0
007 - FİZİKSEL TANIM SABİT ALAN - GENEL BİLGİ
Sabit uzunluklu kontrol alanı ta
008 - SABİT UZUNLUKTAKİ VERİ ÖGELERİ - GENEL BİLGİ
Sabit Alan 090529b1996 tu |||gr||||#||||0|tur |
020 ## - ISBN - ULUSLARARASI STANDART KİTAP NUMARASI
Isbn 9754580677
040 ## - KATALOGLAMA KAYNAĞI
Özgün Kataloglama Kurumu TR-BiSEU
Kataloglama Dili tur
Çeviri Kurumu TR-BiSEU
Açıklama Kuralları rda
041 0# - DİL KODU
Metin ya da ses kaydının dil kodu tur
044 ## - YAYINLAYAN/ÜRETEN KURULUŞUN ÜLKE KODU
ISO country code tu
050 ## - SINIFLAMA ve YER NUMARASI
Sınıflama Numarası D860
Yer Numarası .B79 1996
100 1# - KİŞİ ADI
Yazar Adı (Kişi adı) Brzezinski, Zbigniew.
240 10 - TEK BİÇİM BAŞLIK
Tekbiçim Başlık <a href="Out of control: global turmoil on the eve of the twenty-first century">Out of control: global turmoil on the eve of the twenty-first century</a>
Language of a work Türkçe
245 1# - ESER ADI BİLDİRİMİ
Başlık Kontroldan çıkmış dünya :
Alt Eseradı vb. yirmibirinci yüzyılın arifesinde dünya çapında karmaşa =
-- Out of control: global turmoil on the eve of the twenty-first century/
Sorumluluk Bildirimi Zbigniew Brzezinski ; Zbigniew Brzezinski; çeviren Haluk Menemencioğlu.
264 #1 - ÜRERİM, YAYIN, DAĞITIM ve TELİF BİLDİRİMİ
Yayın yeri Ankara :
Yayınlayan Türkiye İş Bankası Kültür Yayınları
Yayın tarihi 1996
300 ## - FİZİKSEL TANIMLAMA
Sayfa, Cilt vb. xiii, 238 sayfa
336 ## - İÇERİK TÜRÜ
Content type term metin
Content type code txt
Source rdacontent
337 ## - MEDYA TÜRÜ
Media type term aracısız
Media type code n
Source rdamedia
338 ## - TAŞIYICI TÜRÜ
Carrier type term cilt
Carrier type code nc
Source rdacarrier
490 0# - DİZİ BİLDİRİMİ
Dizi Bildirimi Türkiye İş Bankası kültür yayınları genel yayın no: 337.
490 0# - DİZİ BİLDİRİMİ
Dizi Bildirimi Sosyal felsefi dizi: 41.
650 #0 - KONU BAŞLIĞI EK GİRİŞ - KONU TERİMİ
Konusal terim veya coğrafi ad Dünya politikası--1989.
9 (RLIN) 9447
650 #0 - KONU BAŞLIĞI EK GİRİŞ - KONU TERİMİ
Konusal terim veya coğrafi ad Komünizm--Tarih--20. yy.
9 (RLIN) 14118
650 #0 - KONU BAŞLIĞI EK GİRİŞ - KONU TERİMİ
Konusal terim veya coğrafi ad Post-komünizm.
9 (RLIN) 14119
650 #0 - KONU BAŞLIĞI EK GİRİŞ - KONU TERİMİ
Konusal terim veya coğrafi ad Birleşik Devletler--Dış ilişkiler--1993.
9 (RLIN) 14120
650 #0 - KONU BAŞLIĞI EK GİRİŞ - KONU TERİMİ
Konusal terim veya coğrafi ad World politics--1989.
9 (RLIN) 9448
650 #0 - KONU BAŞLIĞI EK GİRİŞ - KONU TERİMİ
Konusal terim veya coğrafi ad Communism--History--20th century.
9 (RLIN) 9870
650 #0 - KONU BAŞLIĞI EK GİRİŞ - KONU TERİMİ
Konusal terim veya coğrafi ad Post-communism.
9 (RLIN) 9050
650 #0 - KONU BAŞLIĞI EK GİRİŞ - KONU TERİMİ
Konusal terim veya coğrafi ad United States--Foreign relations--1993.
9 (RLIN) 14121
830 0# - SERİ EK GİRİŞİ - TEKBİÇİM ESER ADI
Tekbiçim Başlık Türkiye İş Bankası kültür yayınları genel yayın no: 337.
9 (RLIN) 14122
830 0# - SERİ EK GİRİŞİ - TEKBİÇİM ESER ADI
Tekbiçim Başlık Sosyal felsefi dizi: 41.
9 (RLIN) 14123
942 ## - EK GİRİŞ ÖGELERİ (KOHA)
Source of classification or shelving scheme Library of Congress Classification
Koha item type Book
Holdings
Materyal Türü Kalıcı Konum Mevcut Konum Raf Yeri Sınıflandırma Kaynağı Edinim Bilgisi Ana Konular Alt Konular Yer Numarası Demirbaş Numarası Fatura Tarihi Maliyet, Alış Fiyatı Maliyet, Yenileme Fiyatı Geri Çekilme Durumu Kayıp Durumu Hasarlı Durumu Kredi için değil Kayıt Tarih Toplam Ödünçverme Son Görülme Tarihi Son Kontrol Tarihi Genel / Bağış Notu
Book Prof. Dr. Azmi Özcan Kütüphanesi Prof. Dr. Azmi Özcan Kütüphanesi Uluğbey Salonu Library of Congress Classification Bağış DÜNYA TARİHİ (AVRUPA, ASYA, AFRİKA VB.) Tarih (Genel) D860 .B79 1996 0005812 13/08/2010 4.00 4.00         29/05/2009 5 05/12/2024 05/12/2024 İİBF